000 00691nam a22002057a 4500
005 20240910160906.0
010 _aENG-141718
020 _a9789394107717
_c540.00
035 _aEN-125250
037 _bDBAD
082 _a658.9
100 _aManna, Ajay Kumar
_971430
245 _aFundamentals Of Polymer Science And Technology/
_cBy Ajay Kumar Manna
250 _a1
260 _aKolkata
_bBooks & Allied (P) Ltd.
_c2024
270 _aNo. 1E(1), 'Shubham Plaza' (1st Floor) 83/1, Dr. SC Banerjee Road, Beliaghata
_bKolkata
_e700010
_k033-23740062
_mbookandallied1960@gmail.com
300 _axx,505,ixp.
_c24cm(pb)
490 _vPart 1
942 _2ddc
_cEN
_h658.9
_mMAN
999 _c205760
_d205760